000
00252 a2200109 4500
001
9157
082
_a
327.5491 AHM
090
_c
7334
_d
7334
100
_a
Ahmad, M.
245
_a
Pakistan's foreign policy (664-B actioned)
_h
English
260
_b
s P K (Pak)
_a
1968
942
_a
NUST-CAE
999
_c
244230
_d
244230